Earnings of United States Attorneys. Letter from the Secretary of the Treasury, transmitting, in response to a resolution of the House of Representatives adopted January 16, 1884, a statement showing the gross earnings per annum of United States Attorneys, and the expenses of their offices, and the net earnings which have been paid to each of them each year from the beginning of the fiscal year 1873 to the close of the fiscal year 1883.

Bibliographic Details
Corporate Authors: United States. Congress. House. Committee on Expenditures in the Department of Justice, ProQuest (Firm), United States. Department of the Treasury
Format: eBook
Language:English
Published: Washington : [publisher not identified], 1884.
Series:United States congressional serial set.
Subjects:
Online Access:Connect to the full text of this electronic book

MARC

Tag First Indicator Second Indicator Subfields
LEADER 00000cam a22000001a 4500
001 in00002887621
005 20190401180430.0
006 m o d
007 cr un mmmapmmp
008 061228s1884 dcud o f000 0 eng d
035 |a cis2004041870 
040 |a UMI  |c UMI  |d UtOrBLW 
043 |a n-us--- 
099 |a ProQuest Serial Set Number 2200 H.exdoc.92 
110 1 |a United States.  |b Congress.  |b House.  |b Committee on Expenditures in the Department of Justice. 
245 1 0 |a Earnings of United States Attorneys. Letter from the Secretary of the Treasury, transmitting, in response to a resolution of the House of Representatives adopted January 16, 1884, a statement showing the gross earnings per annum of United States Attorneys, and the expenses of their offices, and the net earnings which have been paid to each of them each year from the beginning of the fiscal year 1873 to the close of the fiscal year 1883. 
246 1 |a Statement showing gross earnings of United States Attorneys and expenses of their offices 
264 1 |a Washington :  |b [publisher not identified],  |c 1884. 
300 |a 1 online resource. 
336 |a text  |b txt  |2 rdacontent 
337 |a computer  |b c  |2 rdamedia 
338 |a online resource  |b cr  |2 rdacarrier 
490 0 |a H.exdoc.92 
500 |a Record is based on bibliographic data in ProQuest U.S. Serial Set Digital Collection (last viewed Dec. 2006). Reuse except for individual research requires license from ProQuest, LLC. 
510 3 |a ProQuest U.S. Serial Set Digital Collection 
500 |a Electronic resource. 
650 0 |a Accounting. 
650 0 |a Expenditures, Public. 
651 0 |a United States  |x Officials and employees  |x Salaries, etc. 
655 7 |a Electronic books.  |2 local 
710 2 |a ProQuest (Firm) 
710 1 |a United States.  |b Department of the Treasury. 
830 0 |a United States congressional serial set. 
856 4 0 |u http://proxy.library.tamu.edu/login?url=http://congressional.proquest.com/congcomp/getdoc?SERIAL-SET-ID=2200+H.exdoc.92  |z Connect to the full text of this electronic book  |t 0 
999 |a MARS 
999 f f |s 3f762f13-92fa-3dc6-8be1-437fa354716d  |i c3d7f00c-1446-312c-8a62-f7663ebb9bca  |t 0 
952 f f |a Texas A&M University  |b College Station  |c Electronic Resources  |d Available Online  |t 0  |e ProQuest Serial Set Number 2200 H.exdoc.92  |h Other scheme 
998 f f |a ProQuest Serial Set Number 2200 H.exdoc.92  |t 0  |l Available Online